Új diagnosztikai eszközök érkeznek a szentesi kórházba [rövid hír]

Elmentve itt :
Bibliográfiai részletek
Dokumentumtípus: Cikk
Megjelent: 2025-11-22
Sorozat:RTL Klub
Kulcsszavak:Televíziós híradás - RTL Klub - Híradó, Szent-Györgyi Albert Klinikai Központ - SZAKK, SZTE SZAKK Dr. Bugyi István Szentesi Multidiszciplináris Centrum, Kormánytámogatás, Beruházás, Fejlesztés - infrastruktúra-fejlesztés - eszközpark-feljesztés, Betegellátás - prevenció, Dél-alföldi régió
Online Access:http://univ.bibl.u-szeged.hu/76149
LEADER 00939nab a2200169 i 4500
001 univ76149
005 20251124145211.0
008 251124s2025 hu o 000 hun d
040 |a SZTE UnivHistória Repozitórium  |b hun 
041 |a hun 
245 0 0 |a Új diagnosztikai eszközök érkeznek a szentesi kórházba   |h [elektronikus dokumentum] :  |b [rövid hír] 
260 |c 2025-11-22 
490 0 |a RTL Klub 
561 |a Egyetemi hirarchívum 
695 |a Televíziós híradás - RTL Klub - Híradó, Szent-Györgyi Albert Klinikai Központ - SZAKK, SZTE SZAKK Dr. Bugyi István Szentesi Multidiszciplináris Centrum, Kormánytámogatás, Beruházás, Fejlesztés - infrastruktúra-fejlesztés - eszközpark-feljesztés, Betegellátás - prevenció, Dél-alföldi régió 
856 4 0 |u http://univ.bibl.u-szeged.hu/76149/1/Uj_RTL_imedias3.pdf  |z Dokumentum-elérés  
856 4 0 |u http://univ.bibl.u-szeged.hu/76149/2/Uj_RTL_15412032.mp4  |z Dokumentum-elérés